00868nam a22002537a 4500001000700000003000900007005001700016007000300033008003500036040003000071082002600101100004500127245006300172260000600235264004700241300006400288336002600352337003500378338002900413650004800442650008200490650003600572651000600608000634DO-SdBPM20250829140122.0ta161102b1999 mx a |||| 00| 0 spa d aDO-SdBPMbspacBPMSUerda 4a726.5bD568a 19992221 aDíez Polanco, Carlos, d1954- eautor 10aAmérica sacra /cfotografías de Carlos Díez Polanco  c  aMéxico :bFundación Santillana, c1999 a53 págians : bilustraciones, Fotográfias ; c27 cm.  atextobtxt2rdaconten asin mediación bn2rdamedia  avolumenbnc2rdacarrier  7aArquitectura religiosa zAmérica Latina.  7aIglesias (Arquitectura)xDecoración y ornamentación z América Latina.  7aArte cristiano latinoamericano  a